000 00502nam a2200193Ia 4500
005 20240823050622.0
008 240823s9999||||xx |||||||||||||| ||und||
020 _a978-81-7992-888-2
041 _aENGLISH
082 _A006.133 Q2
100 _aSomasundaram K
245 0 _a"Advanced PRogramming in JAVA 2 Updated to J2SE6 with Swing, Servletand RMI"
250 _a1st
260 _c2012
_bJaico
500 _aYES
650 _aJava2
_bInformation Technology
942 _cBK
999 _c217670
_d217670